000 00599nam a2200205Ia 4500
005 20250326144312.0
008 250326s9999 xx 000 0 und d
020 _a978-1-84376-988-0
037 _aTextbook
040 _aFMSL
_beng
_cFMSL
041 _aeng
_2eng
084 _aX.43 P8
_qFMSL
100 _aChowdhury Anis Ed.
245 0 _aHandbook on the South Asian economies
_cChowdhury Anis Ed.; Mahmud Wahiduddin
260 _aUnited Kingdom
_bUnited Kingdom, Edward Elgar
_c2008
300 _ax,245
365 _b6887.5
942 _cTB
_hX.43 P8
999 _c1303214
_d1303214